A nemzetközi együttműködés további szereplői
Elmentve itt :
| Szerző: | |
|---|---|
| Dokumentumtípus: | Könyv része |
| Megjelent: |
2019
|
| Sorozat: | Opera Iurisprudentiae
2 No. 1 Államközi kapcsolatok 2 No. 1 |
| Kulcsszavak: | Nemzetközi politika, Nemzetközi szervezetek, Európai Unió szervezete, Nemzetközi jog, Államelmélet, Nemzetközi kapcsolatok |
| Tárgyszavak: | |
| Online Access: | http://acta.bibl.u-szeged.hu/69087 |
| LEADER | 00921naa a2200241 i 4500 | ||
|---|---|---|---|
| 001 | acta69087 | ||
| 005 | 20220111083136.0 | ||
| 008 | 200521s2019 hu o 0|| hun d | ||
| 020 | |a 978-615-5411-77-9 | ||
| 022 | |a 12062-3984 | ||
| 040 | |a SZTE Egyetemi Kiadványok Repozitórium |b hun | ||
| 041 | |a hun | ||
| 100 | 1 | |a Szalai Anikó | |
| 245 | 1 | 2 | |a A nemzetközi együttműködés további szereplői |h [elektronikus dokumentum] / |c Szalai Anikó |
| 260 | |c 2019 | ||
| 300 | |a 99-109 | ||
| 490 | 0 | |a Opera Iurisprudentiae |v 2 No. 1 | |
| 490 | 0 | |a Államközi kapcsolatok |v 2 No. 1 | |
| 650 | 4 | |a Társadalomtudományok | |
| 650 | 4 | |a Jogtudomány | |
| 650 | 4 | |a Politikatudomány | |
| 695 | |a Nemzetközi politika, Nemzetközi szervezetek, Európai Unió szervezete, Nemzetközi jog, Államelmélet, Nemzetközi kapcsolatok | ||
| 856 | 4 | 0 | |u http://acta.bibl.u-szeged.hu/69087/1/opera_iurisprudentiae_002_001_099-109.pdf |z Dokumentum-elérés |